Missing Word: Movie Words Ending in 'Z' Quiz Stats

 Plays Quiz Updated Sep 11, 2016

Challenge
Share
Tweet
Embed
Score 0/10 Timer 03:00
0 Plays Today
Hint Missing Word % Correct
The Wizard of ____Oz
99.7%
All That ____Jazz
94.5%
Escape from ____Alcatraz
91.7%
____ n the HoodBoyz
91.6%
Hot ____Fuzz
80%
____ ShowQuiz
56.5%
The ____Wiz
53.8%
____ & Guildenstern Are DeadRosencrantz
53.2%
Vera ____Cruz
39.4%
The Last ____Waltz
21.7%

Today's Daily Dose

Missing Word
Witch Songs

Word Ladder
Alabama

Quick Pick
Fanta Flavors

On This Day
October 15th II

You're not logged in!

Compare scores with friends on all Sporcle quizzes.
Join for Free
OR
Log In

You Might Also Like...

Show Comments

Extras

Top Quizzes Today


Score Distribution

Your Account Isn't Verified!

In order to create a playlist on Sporcle, you need to verify the email address you used during registration. Go to your Sporcle Settings to finish the process.

Report this User

Report this user for behavior that violates our Community Guidelines.

Details: